000 01023nam a22003017a 4500
999 _c44745
_d44745
001 18291
003 CO-MdFUSB
005 20180622073155.0
008 171127t1983 sp ||||| |||| 00| 0 spa d
020 _a84-301-0903-X
040 _aCO-MdFUSB
_bspa
_cCO-MdFUSB
_dCO-MdFUSBC
_erda
041 _aspa
082 0 4 _aG 226.506 K949t
100 1 _aKasemann, Ernst
_eautor
245 1 3 _aEl testamento de Jesús
_b: el lugar histórico del evangelio de Juan
_c/ Ernst Käsemann ; traducido por Faustino Martínez Goñi
264 4 _aSalamanca :
_b Sigueme,
_c©1983
300 _a173 p.
336 _2rdacontent
_atexto
_btxt
337 _2rdamedia
_asin mediación
_bn
338 _2rdacarrier
_avolumen
_bnc
500 _aTítulo original en alemá: Jesu Letzter wille nach Jobanne
501 _aRústico
505 0 0 _aLa gloria de Cristo -- la comunidad bajo la palabra -- unidad cristiana
650 7 _aCristología
_9239
653 _aInterpretación de la Biblia N.T
653 _aEvangelios - Juan
942 _cBK